000 00429nam a2200181Ia 4500
005 20240823042058.0
008 240823s9999||||xx |||||||||||||| ||und||
041 _aENGLISH
082 _A519.5 M4
100 _aKothari C R
245 0 _aQuantitative Techniques
250 _a3rd-Re
260 _c1984
_b"Vikas,New Delhi"
500 _aYES
650 _aQuantitive Techniques
_bMathematics
942 _cBK
999 _c207020
_d207020